000
00310nam a22001337a 4500
020
_a
04-5000-190708
082
_a
894.812.3
_b
THA/K
100
_a
THANNIPPUZHA, SATHYAN
245
_a
KUTIKALKULLA RASAKARAMAYA KATHAKAL
250
_a
4
300
_a
80
650
_a
MALAYALAM SHORT STORIES
_z
KERALA
942
_c
BK
999
_c
1273
_d
1273